Countries in BRICS, the Next Eleven, and CIVETS - Statistics

General Stats
  • This quiz has been taken 828 times
    44 since last reset
  • The average score is 15 of 19
Answer Stats
Country % Correct
Brazil
100%
China
100%
India
100%
Russia
100%
South Africa
100%
Indonesia
95%
Egypt
86%
Iran
84%
Colombia
81%
Nigeria
81%
Vietnam
81%
Mexico
76%
Pakistan
76%
Turkey
76%
Ethiopia
73%
Philippines
65%
United Arab Emirates
59%
Bangladesh
51%
South Korea
43%
No matching quizzes found
Score Distribution
Percent of People with Each Score
Percentile by Number Answered
Your Score History
You have not taken this quiz since the last reset